MONET (Record no. 920221)

MARC details
000 -LEADER
fixed length control field 00236nam a2200109Ia 4500
008 - FIXED-LENGTH DATA ELEMENTS--GENERAL INFORMATION
fixed length control field 231106s2018 xx 000 0 und d
041 ## - LANGUAGE CODE
Language code of text/sound track or separate title eng
100 ## - MAIN ENTRY--PERSONAL NAME
Personal name DAVID WEBB
245 ## - TITLE STATEMENT
Title MONET
260 ## - PUBLICATION, DISTRIBUTION, ETC.
Name of publisher, distributor, etc. SEARCH PRESS
Date of publication, distribution, etc. 2018
300 ## - PHYSICAL DESCRIPTION
Extent P-256

No items available.